Statistics for Cardcaptor Sakura Cards

Click here to take the quiz!

General Stats

  • This quiz has been taken 538 times
  • The average score is 37 of 55

Answer Stats

HintAnswer% Correct
13The Firey
96%
52The Watery
96%
54The Windy
96%
16The Fly
94%
23The Light
92%
7The Dark
90%
21The Jump
87%
10The Earthy
86%
46The Sword
84%
28The Mirror
82%
2The Big
79%
37The Shadow
79%
34The Rain
78%
15The Flower
77%
55The Wood
77%
49The Time
76%
38The Shield
74%
48The Thunder
73%
14The Float
68%
24The Little
68%
20The Illusion
67%
27The Maze
67%
5The Cloud
66%
42The Snow
66%
1The Arrow
65%
12The Fight
63%
17The Freeze
63%
43The Song
63%
50The Twin
63%
8The Dash
62%
25The Lock
62%
33The Power
62%
41The Sleep
62%
45The Sweet
61%
9The Dream
60%
3The Bubbles
59%
29The Mist
59%
11The Erase
58%
26The Loop
58%
6The Create
57%
36The Sand
57%
18The Glow
56%
19The Hope
56%
51The Voice
56%
40The Silent
54%
44The Storm
54%
53The Wave
54%
39The Shot
53%
32The Nothing
50%
35The Return
50%
4The Change
46%
22The Libra
46%
47The Through
45%
30The Move
42%
31The Nameless Card
42%

Score Distribution

Percentile by Number Answered

Percent of People with Each Score

Your Score History

You have not taken this quiz